000 00666nam a2200289Ia 4500
005 20260324145336.0
008 008 260324s9999 xx 000 0 eng d
020 _a9780203734674
037 _aEBOOK
040 _aCRL
040 _beng
040 _cCRL
041 _2eng
041 _aeng
084 _qCRL
100 _a Salsburg
_91222617
245 0 _aUnderstanding Randomness
245 0 _bEXERCISES FOR STATISTICIANS
260 _bTaylor and Francis
260 _c1983
365 _a
365 _b305
856 _uhttp://www.taylorfrancis.com/books/9780203734674
942 _cEBOOK
999 _c1830395
_d1830395